| 000 | 00942nas a2200313 4500 | ||
|---|---|---|---|
| 001 | BR2012005357 | ||
| 003 | BR-BrBNA | ||
| 005 | 20231205120850.0 | ||
| 007 | ta | ||
| 008 | 230509b bl.|||p| |||| 00| 00por d | ||
| 040 |
_aBR-BrBNA _bpor _cBiblioteca Nacional de Agricultura |
||
| 041 | _a(En) | ||
| 072 | _aH20; J11 | ||
| 100 | 1 | _aCanale, M.C. | |
| 100 | 1 | _aBenato, E.A. | |
| 100 | 1 | _aCia, P. | |
| 100 | 1 | _aHaddad, M.L. | |
| 100 | 1 | _aPascholati, S.F. | |
| 245 | 1 | _aIn vitro effect of UV-C irradiation on Guignardia citricarpa and on postharvest control of citrus black spot | |
| 650 | _aLARANJA | ||
| 650 | _aPINTA PRETA | ||
| 650 | _aDOENÇA DE PLANTA | ||
| 650 | _aPÓS-COLHEITA | ||
| 650 | _aCITRICULTURA | ||
| 650 | _aCONÍDIO | ||
| 773 | 0 |
_tTripical Plant Pathology (Brazil) _xISSN 1982-5676 _g(Nov-Dec 2011), v. 36(6) p. 356-361 _wBR2012005357 |
|
| 909 |
_a202311 _bLúcia _c55 _dLúcia Elande |
||
| 942 |
_2AGRIS _n0 _cANA |
||
| 999 |
_c220714 _d220714 |
||